000 00240nam a22000857a 4500
008 151211b xxu||||| |||| 00| 0 eng d
020 _a0764515489
082 _a004
245 1 0 _aWindows XP all-in-one desk reference for dummies /
_cby Woody Leonhard.
999 _c1401
_d1401